• 首页
  • 本馆介绍
  • 公告通知
  • 最新文献
  • 馆藏检索
  • 电子资源
  • 读者导购
  • 参考咨询
  • 我的图书馆
  • 登录
  • 详细信息显示
  • 放入我的书架
  • 预约/预借图书
  • 作者相关作品
  • 分类相关作品
  • 丛书相关作品
  • 出版社相关作品

书目信息

  • 表格格式
  • 工作单格式
  • 卡片格式
题名:
学生版简明机械设计手册
    
 
作者: 于惠力 , 于霁厚 编著
分册:  
出版信息: 北京   机械工业出版社  2014
页数: 649页
开本: 26cm
丛书名:
单 册:
中图分类: TH122-62
科图分类:
主题词: 机械设计--Ji Xie She Ji--技术手册
电子资源:
ISBN: 978-7-111-44095-6
000 01263nam0 2200277 450
001 1678299790
005 20134724124705.0
010    @a978-7-111-44095-6@dCNY98.00
100    @a20140321d2014 em y0chiy0120 ea
101 0  @achi
102    @aCN@b110000
105    @aak a 000yy
106    @ar
200 1  @a学生版简明机械设计手册@AXue Sheng Ban Jian Ming Ji Xie She Ji Shou Ce@f于惠力, 于霁厚编著
210    @a北京@c机械工业出版社@d2014
215    @a649页@c图@d26cm
320    @a有书目
330    @a本书介绍了从事机械设计所必须的常用数据和资料、常用标准和规范、常用材料、公差配合与表面粗糙度、螺纹连接、键连接、销连接、铆接、焊接、胶接、带传动、链传动、齿轮传动、蜗杆传动、轴、滚动轴承、滑动轴承、联轴器、离合器、减速器、电动机等内容,并附有相应的设计计算实例,融设计手册与通用机械零部件设计计算方法为一体。本手册实用性强,内容全面,通用性好,涉及的标准全部为最新国家标准,是一部简明的机械设计工具书。
333    @a机械设计专业的学生,从事机械设计的工程技术人员,生产第一线的操作人员。
517 1  @a机械设计手册@AJi Xie She Ji Shou Ce
606 0  @a机械设计@AJi Xie She Ji@j技术手册
690    @aTH122-62@v5
701  0 @a于惠力@AYu Hui Li@4编著
701  0 @a于霁厚@AYu Ji Hou@4编著
801  0 @aCN@b江苏新华@c20150511
905    @aBZT@dTH122-62@e11
    
    学生版简明机械设计手册/于惠力, 于霁厚编著.-北京:机械工业出版社,2014
    649页:图;26cm
    使用对象:机械设计专业的学生,从事机械设计的工程技术人员,生产第一线的操作人员。
    
    ISBN 978-7-111-44095-6:CNY98.00
    本书介绍了从事机械设计所必须的常用数据和资料、常用标准和规范、常用材料、公差配合与表面粗糙度、螺纹连接、键连接、销连接、铆接、焊接、胶接、带传动、链传动、齿轮传动、蜗杆传动、轴、滚动轴承、滑动轴承、联轴器、离合器、减速器、电动机等内容,并附有相应的设计计算实例,融设计手册与通用机械零部件设计计算方法为一体。本手册实用性强,内容全面,通用性好,涉及的标准全部为最新国家标准,是一部简明的机械设计工具书。
●
相关链接 在五车中查询图书 在当当中查询图书 在豆瓣中查询图书


正题名:学生版简明机械设计手册     索取号:TH122-62/11         预约/预借

序号 登录号 条形码 馆藏地/架位号 状态 备注
1 801188   2000801188   第二书库/ [索取号:TH122-62/11] 在馆    
2 801189   2000801189   第二书库/ [索取号:TH122-62/11] 在馆    
3 801190   2000801190   第二书库/ [索取号:TH122-62/11] 在馆    
山东省滨州职业学院图书馆 欢迎您!
大连网信软件有限公司© 版权所有